Erlösung im Cyberspace

Saved in:  
Bibliographic Details
Main Author: Niewiadomski, Józef 1951- (Author)
Format: Print Article
Language:German
Check availability: HBZ Gateway
Interlibrary Loan:Interlibrary Loan for the Fachinformationsdienste (Specialized Information Services in Germany)
Published: 2002
In: Bulletin
Year: 2002, Volume: 13, Issue: 2, Pages: 153-168
Standardized Subjects / Keyword chains:B Cyber space / Holy See (motif)
B Internet / Holy See (motif)
IxTheo Classification:CD Christianity and Culture
KDB Roman Catholic Church
RH Evangelization; Christian media

MARC

LEADER 00000caa a22000002c 4500
001 1645263916
003 DE-627
005 20220616121641.0
007 tu
008 160405s2002 xx ||||| 00| ||ger c
035 |a (DE-627)1645263916 
035 |a (DE-576)46625380X 
035 |a (DE-599)BSZ46625380X 
040 |a DE-627  |b ger  |c DE-627  |e rakwb 
041 |a ger 
084 |a 1  |2 ssgn 
100 1 |0 (DE-588)121127451  |0 (DE-627)081105215  |0 (DE-576)16518454X  |4 aut  |a Niewiadomski, Józef  |d 1951- 
109 |a Niewiadomski, Józef 1951- 
245 1 0 |a Erlösung im Cyberspace 
264 1 |c 2002 
336 |a Text  |b txt  |2 rdacontent 
337 |a ohne Hilfsmittel zu benutzen  |b n  |2 rdamedia 
338 |a Band  |b nc  |2 rdacarrier 
652 |a CD:KDB:RH 
689 0 0 |d s  |0 (DE-588)4266146-8  |0 (DE-627)104567120  |0 (DE-576)210634804  |2 gnd  |a Cyberspace 
689 0 1 |d b  |0 (DE-588)2009545-4  |0 (DE-627)101659261  |0 (DE-576)191644501  |2 gnd  |a Katholische Kirche 
689 0 |5 (DE-627) 
689 1 0 |d s  |0 (DE-588)4308416-3  |0 (DE-627)123816106  |0 (DE-576)211106267  |2 gnd  |a Internet 
689 1 1 |d b  |0 (DE-588)2009545-4  |0 (DE-627)101659261  |0 (DE-576)191644501  |2 gnd  |a Katholische Kirche 
689 1 |5 (DE-627) 
773 0 8 |i In  |a Europäische Gesellschaft für Katholische Theologie  |t Bulletin  |d Münster : Lit-Verl., 1990  |g 13(2002), 2, Seite 153-168  |w (DE-627)170461661  |w (DE-600)1061019-4  |w (DE-576)025094378  |x 0939-3897  |7 nnas 
773 1 8 |g volume:13  |g year:2002  |g number:2  |g pages:153-168 
935 |a mteo 
951 |a AR 
ELC |b 1 
ITA |a 1  |t 1 
LOK |0 000 xxxxxcx a22 zn 4500 
LOK |0 001 3313406076 
LOK |0 003 DE-627 
LOK |0 004 1645263916 
LOK |0 005 20160405142031 
LOK |0 008 160404||||||||||||||||ger||||||| 
LOK |0 040   |a DE-Tue135  |c DE-627  |d DE-Tue135 
LOK |0 092   |o n 
LOK |0 852   |a DE-Tue135 
LOK |0 852 1  |9 00 
LOK |0 935   |a ixzs  |a ixmi 
LOK |0 936ln  |0 1442043857  |a CD 
LOK |0 936ln  |0 1442049839  |a KDB 
LOK |0 936ln  |0 1442053224  |a RH 
LOK |0 939   |a 04-04-16  |b l01 
ORI |a SA-MARC-ixtheoa001.raw 
STA 0 0 |a Cyber space,Holy See (motif),Catholic church,Catholic Church,Catholic Church,Former pilgrimage church Saint Ottilia,Internet,Internet 
STB 0 0 |a Cyberespace,Internet,Internet,Saint-Siège (motif),Église catholique,Église catholique 
STC 0 0 |a Ciberespacio,Internet,Internet,Movimiento juvenil católico 
STD 0 0 |a Chiesa cattolica,Cyberspazio,Ciberspazio,Ciberspazio,Internet,Internet 
STE 0 0 |a 互联网,互联网,网际网络,网际网络,天主教会,罗马公教,赛博空间,信息空间,网络空间 
STF 0 0 |a 互聯網,互聯網,網際網絡,網際網絡,天主教會,羅馬公教,賽博空間,信息空間,網絡空間 
STG 0 0 |a Ciberespaço,Igreja católica,Internet,Internet 
STH 0 0 |a Интернет (мотив),Интернет,Католическая церковь (мотив),Киберпространство 
STI 0 0 |a Διαδίκτυο <μοτίβο>,Διαδίκτυο,Internet,Ίντερνετ,Internet (μοτίβο),Ίντερνετ (μοτίβο),Καθολική Εκκλησία (μοτίβο),Κυβερνοχώρος 
SYG 0 0 |a Cyberia , Katolikus Egyház,RCC,Katoličeskaj Cerkovʹ,Katoličke Cerkve,Katolska Cyrkej,Katolske Kirke,Ecclesia Catholica,Igreja Católica,Römisch-Katholische Kirche,Katholikē Ekklēsia,Catholic Church,Roman Catholic Church,Eglise Catholique,Eglise Catholique Romaine,Chiesa Cattolica,Katholieke Kerk,Iglesia Católica,Katolické Církve,Kościoł Katolicki,Katoličke Crkve,Eglise catholique romaine,Chiesa cattolica romana,Roman catholic Church,Eglise catholique,Römische Kirche , Eglise catholique,Roman Catholic Church,Catholic Church , Ehemalige Wallfahrtskirche Sankt Ottilia , Katolikus Egyház,RCC,Katoličeskaj Cerkovʹ,Katoličke Cerkve,Katolska Cyrkej,Katolske Kirke,Ecclesia Catholica,Igreja Católica,Römisch-Katholische Kirche,Katholikē Ekklēsia,Catholic Church,Roman Catholic Church,Eglise Catholique,Eglise Catholique Romaine,Chiesa Cattolica,Katholieke Kerk,Iglesia Católica,Katolické Církve,Kościoł Katolicki,Katoličke Crkve,Eglise catholique romaine,Chiesa cattolica romana,Roman catholic Church,Eglise catholique,Römische Kirche , Eglise catholique,Roman Catholic Church,Catholic Church , Ehemalige Wallfahrtskirche Sankt Ottilia